[Event "Araraquara op 2nd"]
[Site "Araraquara"]
[Date "2024.02.12"]
[Round "5"]
[White "Brandao, Renan Alves"]
[Black "De Abreu, Lia Oliveira"]
[Result "1-0"]
[WhiteElo "2089"]
[BlackElo "1793"]
[PlyCount "59"]
[EventDate "2024.02.10"]
[EventType "swiss"]
[EventRounds "7"]
[EventCountry "BRA"]
[SourceTitle "CB09_2024"]
[SourceDate "2024.02.28"]
[SourceVersion "1"]
[SourceVersionDate "2024.02.28"]
[SourceQuality "1"]

1. d4 Nf6 2. c4 g6 3. f3 d5 4. cxd5 Nxd5 5. e4 Nb6 6. Nc3 Bg7 7. Be3 Be6 8. d5 Bc8 9. Bd4 0-0 10. Bxg7 Kxg7 11. Qd4+ Kg8 12. 0-0-0 c6 13. h4 cxd5 14. exd5 N8d7 15. h5 Nf6 16. hxg6 fxg6 17. Nge2 Qc7 18. Nf4 Rd8 19. Kb1 Bf5+ 20. Ka1 g5 21. Nh5 Rf8 22. Nxf6+ Rxf6 23. Ne4 Bxe4 24. Qxe4 Rg6 25. Bd3 Rd8 26. Rxh7 Rdd6 27. Rxe7 Nd7 28. Rh1 Rh6 29. Rxh6 Rxh6 30. Qf5 1-0

[Event "Araraquara op 2nd"]
[Site "Araraquara"]
[Date "2024.02.11"]
[Round "4"]
[White "Rodrigues, Joao Victor da Silv"]
[Black "Brandao, Renan Alves"]
[Result "1/2-1/2"]
[WhiteElo "1803"]
[BlackElo "2089"]
[PlyCount "73"]
[EventDate "2024.02.10"]
[EventType "swiss"]
[EventRounds "7"]
[EventCountry "BRA"]
[SourceTitle "CB09_2024"]
[SourceDate "2024.02.28"]
[SourceVersion "1"]
[SourceVersionDate "2024.02.28"]
[SourceQuality "1"]

1. e4 c5 2. Nf3 Nc6 3. c4 d6 4. d4 cxd4 5. Nxd4 Nf6 6. Nc3 a6 7. Be2 e6 8. 0-0 Be7 9. Be3 0-0 10. Nxc6 bxc6 11. Qc2 e5 12. h3 Be6 13. Rfd1 Qc7 14. f4 exf4 15. Bxf4 Nd7 16. Kh1 Ne5 17. b3 Rfd8 18. Rd2 Ng6 19. Bh2 Bf6 20. Rad1 Be5 21. Bxe5 dxe5 22. Rxd8+ Rxd8 23. c5 a5 24. Rd2 Rd4 25. Bf3 Qd7 26. Rxd4 exd4 27. Nd1 Bxh3 28. Nf2 Be6 29. Qd2 Qd8 30. Nd3 h5 31. Kg1 h4 32. Bh5 Nf8 33. Ne5 h3 34. Nxc6 Qc7 35. Nxd4 Qxc5 36. Bd1 Bc8 37. Qf2 1/2-1/2

[Event "Santa Catarina-ch sf1"]
[Site "Sao Bento do Sul"]
[Date "2016.03.06"]
[Round "6"]
[White "Matsuura, Everaldo"]
[Black "Brandao, Renan Alves"]
[Result "1-0"]
[WhiteElo "2494"]
[BlackElo "2114"]
[PlyCount "63"]
[EventDate "2016.03.04"]
[EventType "swiss"]
[EventRounds "6"]
[EventCountry "BRA"]
[SourceTitle "EXT 2018"]
[Source "ChessBase"]
[SourceDate "2017.10.13"]
[SourceVersion "1"]
[SourceVersionDate "2017.10.13"]
[SourceQuality "1"]

1. e4 g6 2. d4 Bg7 3. Nc3 c5 4. d5 d6 5. Nf3 Nf6 6. Nd2 0-0 7. Be2 a6 8. a4 e5 9. 0-0 Ne8 10. Nc4 f5 11. f4 Nd7 12. a5 Rb8 13. Bd3 fxe4 14. Nxe4 b5 15. axb6 Nxb6 16. Na5 Ra8 17. Nc6 Qc7 18. fxe5 Rxf1+ 19. Bxf1 Bf5 20. exd6 Nxd6 21. Nxc5 Nbc4 22. Bxc4 Nxc4 23. Qe2 Bd4+ 24. Kh1 Bxc5 25. Qxc4 Re8 26. d6+ Qf7 27. Ne7+ Rxe7 28. dxe7 Qxc4 29. e8Q+ Kg7 30. Qe5+ Kf7 31. Qc7+ Ke6 32. Be3 1-0

[Event "Santa Catarina-ch sf1"]
[Site "Sao Bento do Sul"]
[Date "2016.03.04"]
[Round "2"]
[White "De Borba, Gabriel"]
[Black "Brandao, Renan Alves"]
[Result "0-1"]
[WhiteElo "1869"]
[BlackElo "2114"]
[PlyCount "110"]
[EventDate "2016.03.04"]
[EventType "swiss"]
[EventRounds "6"]
[EventCountry "BRA"]
[SourceTitle "EXT 2018"]
[Source "ChessBase"]
[SourceDate "2017.10.13"]
[SourceVersion "1"]
[SourceVersionDate "2017.10.13"]
[SourceQuality "1"]

1. e4 c5 2. Nf3 Nc6 3. d4 cxd4 4. Nxd4 g6 5. c4 Bg7 6. Be3 Nf6 7. Nc3 d6 8. Be2 Bd7 9. 0-0 0-0 10. h3 Nxd4 11. Bxd4 Bc6 12. Bd3 a5 13. b3 Nd7 14. Bc2 Bxd4 15. Qxd4 Qb6 16. Qxb6 Nxb6 17. Rfe1 Nd7 18. f4 f6 19. Re2 Rfd8 20. Rae1 Nc5 21. Nd5 Kf7 22. Rf2 Ne6 23. g4 b5 24. g5 bxc4 25. bxc4 Bxd5 26. cxd5 Nd4 27. gxf6 exf6 28. e5 dxe5 29. fxe5 Rxd5 30. Rxf6+ Kg7 31. Rf2 Re8 32. e6 Rxe6 33. Rxe6 Nxe6 34. Bb3 Rg5+ 35. Rg2 Re5 36. Bxe6 Rxe6 37. Rb2 Rf6 38. Rb3 Kh6 39. Ra3 Rf5 40. Kg2 Kh5 41. Ra4 g5 42. Kg3 Rc5 43. Ra3 Kg6 44. Ra4 h5 45. Rd4 Rc3+ 46. Kg2 Rc2+ 47. Kg3 Rxa2 48. Rd6+ Kf5 49. Rd5+ Kf6 50. Rd6+ Ke5 51. Rh6 h4+ 52. Kf3 Ra3+ 53. Kg2 Rg3+ 54. Kh2 a4 55. Ra6 a3 0-1

[Event "Florianopolis op 2nd"]
[Site "Florianopolis"]
[Date "2016.01.22"]
[Round "10"]
[White "Brandao, Renan Alves"]
[Black "Muniz, Rafael"]
[Result "0-1"]
[WhiteElo "2109"]
[BlackElo "2258"]
[PlyCount "108"]
[EventDate "2016.01.16"]
[EventType "swiss"]
[EventRounds "10"]
[EventCountry "BRA"]
[SourceTitle "CBM 170 Extra"]
[Source "ChessBase"]
[SourceDate "2016.02.25"]
[SourceVersion "1"]
[SourceVersionDate "2016.02.25"]
[SourceQuality "1"]

1. d4 Nf6 2. Nf3 e6 3. Bf4 c5 4. e3 Qb6 5. Nbd2 d5 6. Qb1 Bd7 7. a4 cxd4 8. exd4 Bd6 9. Bxd6 Qxd6 10. Bd3 Nc6 11. c3 0-0 12. 0-0 e5 13. dxe5 Nxe5 14. Nxe5 Qxe5 15. Re1 Qf4 16. Qc2 Rfe8 17. a5 Rac8 18. Nf3 h5 19. Qd2 Qxd2 20. Nxd2 Kf8 21. f3 Rxe1+ 22. Rxe1 Ba4 23. Ra1 Bd7 24. Re1 g6 25. Kf2 Ne8 26. Re5 Bc6 27. Nb3 Nf6 28. Nd4 Nd7 29. Re3 Nc5 30. b4 Na4 31. Bc2 Nb2 32. Ke1 Nc4 33. Re2 Nd6 34. Bd3 Ba4 35. Kd2 h4 36. Re5 Nc4+ 37. Bxc4 dxc4 38. Re4 h3 39. g3 Bd7 40. Rh4 Kg7 41. g4 b6 42. axb6 axb6 43. Rxh3 Ra8 44. Rg3 Ra1 45. Rg2 Ba4 46. Re2 Rd1+ 47. Ke3 Rd3+ 48. Ke4 Rxc3 49. Ra2 b5 50. Kd5 Rd3 51. Kc5 c3 52. f4 Rd2 53. Ra3 c2 54. Rc3 Rd3 0-1

[Event "Foz do Iguacu op 3rd"]
[Site "Foz do Iguacu"]
[Date "2015.12.11"]
[Round "2"]
[White "Brandao, Renan Alves"]
[Black "Farhat, Hassan Abdallah"]
[Result "1-0"]
[WhiteElo "2114"]
[BlackElo "1633"]
[PlyCount "53"]
[EventDate "2015.12.11"]
[EventType "swiss"]
[EventRounds "6"]
[EventCountry "BRA"]
[SourceTitle "EXT 2017"]
[Source "ChessBase"]
[SourceDate "2016.10.25"]
[SourceVersion "1"]
[SourceVersionDate "2016.10.25"]
[SourceQuality "1"]

1. e4 c5 2. Nc3 e6 3. f4 Nc6 4. Nf3 g6 5. d4 b6 6. Be3 Bh6 7. Qd2 Nf6 8. dxc5 bxc5 9. e5 Ng4 10. Bxc5 Qa5 11. Bd6 Bb7 12. h3 Ngxe5 13. Nxe5 Nxe5 14. Bxe5 0-0 15. Bd3 Qb4 16. a3 Qxb2 17. Rb1 Qxa3 18. Rxb7 Qa1+ 19. Rb1 Qa3 20. Ne4 Rfc8 21. Nf6+ Kf8 22. Nxd7+ Ke7 23. Rb3 Qa4 24. Rb7 Qc6 25. Qb4+ Kd8 26. Bf6+ Ke8 27. Qe7# 1-0

[Event "Ribeirao Preto Recra Chess 1st"]
[Site "Ribeirao Preto"]
[Date "2015.10.25"]
[Round "5.1"]
[White "Bonvini, Alberto Tonhati"]
[Black "Brandao, Renan Alves"]
[Result "1/2-1/2"]
[WhiteElo "1798"]
[BlackElo "2103"]
[PlyCount "26"]
[EventDate "2015.10.24"]
[EventType "swiss"]
[EventRounds "5"]
[EventCountry "BRA"]
[SourceTitle "EXT 2022"]
[Source "ChessBase"]
[SourceDate "2021.10.06"]
[SourceVersion "1"]
[SourceVersionDate "2021.10.06"]
[SourceQuality "1"]

1. e4 c5 2. Nc3 a6 3. g3 b5 4. Bg2 Bb7 5. d3 e6 6. f4 d5 7. e5 Be7 8. Nf3 h5 9. h4 Nh6 10. 0-0 Nc6 11. Bh3 g6 12. d4 Rc8 13. Be3 b4 1/2-1/2

[Event "Sao Paulo Freitas Memorial"]
[Site "Sao Paulo"]
[Date "2015.10.11"]
[Round "4"]
[White "Brandao, Renan Alves"]
[Black "Mandetta, Joao Danilo"]
[Result "0-1"]
[WhiteElo "2103"]
[BlackElo "2297"]
[PlyCount "98"]
[EventDate "2015.10.10"]
[EventType "swiss"]
[EventRounds "6"]
[EventCountry "BRA"]
[SourceTitle "CBM 168 Extra"]
[Source "ChessBase"]
[SourceDate "2015.10.29"]
[SourceVersion "1"]
[SourceVersionDate "2015.10.29"]
[SourceQuality "1"]

1. d4 f5 2. c4 Nf6 3. Nf3 g6 4. g3 Bg7 5. Bg2 0-0 6. 0-0 d6 7. Nc3 c6 8. d5 e5 9. dxe6 Bxe6 10. b3 Na6 11. Ng5 Bc8 12. Rb1 Nh5 13. Na4 Qe7 14. Nf3 f4 15. Ba3 Nc5 16. Rc1 Bg4 17. Nxc5 dxc5 18. Rc2 Rad8 19. Qc1 Bf5 20. Rd2 fxg3 21. hxg3 Bh6 22. Rxd8 Bxc1 23. Rxf8+ Qxf8 24. Rxc1 Qd6 25. Bb2 Be4 26. Bc3 Ng7 27. Kf1 Nf5 28. Ke1 Nd4 29. Nxd4 cxd4 30. Bxe4 dxc3 31. Rxc3 Qd4 32. Re3 Qa1+ 33. Kd2 Qxa2+ 34. Bc2 Qa5+ 35. Kd1 Qc5 36. Ke1 b5 37. Kf1 Kg7 38. Bd3 a5 39. cxb5 cxb5 40. Re4 Qd5 41. Bc2 a4 42. bxa4 bxa4 43. f3 a3 44. Re7+ Kf6 45. Ra7 a2 46. Ra6+ Kg7 47. Bd3 Qb3 48. Kg2 Qb2 49. Ra7+ Kh6 0-1

[Event "Sao Paulo Freitas Memorial"]
[Site "Sao Paulo"]
[Date "2015.10.11"]
[Round "3"]
[White "Vitielo, Alecio Elias"]
[Black "Brandao, Renan Alves"]
[Result "0-1"]
[WhiteElo "1817"]
[BlackElo "2103"]
[PlyCount "114"]
[EventDate "2015.10.10"]
[EventType "swiss"]
[EventRounds "6"]
[EventCountry "BRA"]
[SourceTitle "CBM 168 Extra"]
[Source "ChessBase"]
[SourceDate "2015.10.29"]
[SourceVersion "1"]
[SourceVersionDate "2015.10.29"]
[SourceQuality "1"]

1. e4 c5 2. c3 Nf6 3. e5 Nd5 4. d4 cxd4 5. Nf3 Nc6 6. cxd4 g6 7. Bc4 Nb6 8. Bb5 Bg7 9. 0-0 0-0 10. Nc3 a6 11. Be2 d6 12. Bf4 dxe5 13. dxe5 Qxd1 14. Raxd1 Be6 15. Rfe1 h6 16. h3 Rfd8 17. Bg3 Rac8 18. Bf1 Rxd1 19. Rxd1 Nd7 20. Re1 g5 21. Bd3 Nc5 22. Bb1 Rd8 23. a3 Bc4 24. Be4 Nxe4 25. Rxe4 b5 26. Re1 Kf8 27. Ne4 Rd5 28. Nc3 Rd3 29. Ne4 Rb3 30. Nc5 Rxb2 31. Nxa6 Rb3 32. a4 bxa4 33. Rc1 Bxa6 34. Rxc6 Bb5 35. Rb6 Bd7 36. Ra6 Kg8 37. Ra7 Rd3 38. Ra8+ Bf8 39. Kf1 e6 40. h4 Bb5 41. Kg1 Rd1+ 42. Kh2 g4 43. Ng1 Kg7 44. Ra5 Bc6 45. Ne2 Bb4 46. Ra7 a3 47. Nf4 Rd7 48. Nh5+ Kg6 49. Nf4+ Kh7 50. Ra6 Bb5 51. Ra8 Bc4 52. Nh5 Kg6 53. Nf6 Rd4 54. Rg8+ Kf5 55. f3 gxf3 56. gxf3 Rd2+ 57. Kh1 a2 0-1

[Event "Goiania Goias Cup"]
[Site "Goiania"]
[Date "2015.09.26"]
[Round "4"]
[White "Brandao, Renan Alves"]
[Black "De Paula, Guilherme Bueno"]
[Result "1/2-1/2"]
[WhiteElo "2110"]
[BlackElo "1887"]
[PlyCount "73"]
[EventDate "2015.09.25"]
[EventType "swiss"]
[EventRounds "6"]
[EventCountry "BRA"]
[SourceTitle "EXT 2016"]
[Source "ChessBase"]
[SourceDate "2015.10.08"]
[SourceVersion "1"]
[SourceVersionDate "2015.10.08"]
[SourceQuality "1"]

1. e4 c5 2. Nc3 e6 3. Nf3 Nc6 4. d4 cxd4 5. Nxd4 Nf6 6. g3 Bc5 7. Be3 Qb6 8. Na4 Qa5+ 9. c3 Bxd4 10. Bxd4 Nxd4 11. Qxd4 d5 12. exd5 Qxd5 13. Qxd5 Nxd5 14. Nc5 b6 15. Ne4 Ke7 16. Bg2 Bb7 17. 0-0 Nf6 18. Rfe1 Bxe4 19. Bxe4 Nxe4 20. Rxe4 Rhd8 21. Kf1 Rd2 22. Re2 Rad8 23. Ke1 Rxe2+ 24. Kxe2 Rd5 25. a4 a5 26. h4 h5 27. b4 f6 28. Rb1 Kd6 29. Ke3 axb4 30. cxb4 g5 31. Rb3 gxh4 32. gxh4 Re5+ 33. Kd4 Rf5 34. Ke3 Re5+ 35. Kd4 Rf5 36. Ke3 Re5+ 37. Kd4 1/2-1/2

[Event "Goiania Goias Cup"]
[Site "Goiania"]
[Date "2015.09.25"]
[Round "1"]
[White "Valcarcel, Victor Ignacio Sant"]
[Black "Brandao, Renan Alves"]
[Result "0-1"]
[WhiteElo "1646"]
[BlackElo "2110"]
[PlyCount "57"]
[EventDate "2015.09.25"]
[EventType "swiss"]
[EventRounds "6"]
[EventCountry "BRA"]
[SourceTitle "EXT 2016"]
[Source "ChessBase"]
[SourceDate "2015.10.08"]
[SourceVersion "1"]
[SourceVersionDate "2015.10.08"]
[SourceQuality "1"]

1. e4 c5 2. Nf3 Nc6 3. d4 cxd4 4. Nxd4 e5 5. Nf3 Nf6 6. Bd3 d5 7. exd5 Qxd5 8. Nc3 Bb4 9. Bd2 Bxc3 10. Bxc3 0-0 11. Be2 Qc5 12. Nd2 Rd8 13. Qc1 Bf5 14. Nb3 Qe7 15. 0-0 Nd5 16. Bd2 Rac8 17. c4 Ndb4 18. Qc3 Nc2 19. Rad1 N6d4 20. Nc1 b5 21. b3 h6 22. Kh1 Rc6 23. Bd3 Bxd3 24. Qxd3 bxc4 25. bxc4 Rdc8 26. Qg3 Rxc4 27. Nb3 R4c6 28. Qg4 f5 29. Qf3 0-1

[Event "Cordeiropolis Freitas Levy Memorial"]
[Site "Cordeiropolis"]
[Date "2015.05.24"]
[Round "5"]
[White "Brandao, Renan Alves"]
[Black "De Carvalho, Igor Lorenzon"]
[Result "1-0"]
[WhiteElo "2113"]
[BlackElo "1968"]
[PlyCount "73"]
[EventDate "2015.05.22"]
[EventType "swiss"]
[EventRounds "6"]
[EventCountry "BRA"]
[SourceTitle "CBM 166 Extra"]
[Source "ChessBase"]
[SourceDate "2015.06.18"]
[SourceVersion "1"]
[SourceVersionDate "2015.06.18"]
[SourceQuality "1"]

1. d4 Nf6 2. Nf3 e6 3. Bg5 h6 4. Bh4 d5 5. Nbd2 c5 6. e3 Nc6 7. c3 cxd4 8. exd4 Be7 9. Bd3 0-0 10. 0-0 Qb6 11. Rb1 Qc7 12. Qe2 a6 13. a4 Nh5 14. Bxe7 Qxe7 15. Qe3 Bd7 16. Ne5 Nf6 17. f4 Rab8 18. Qh3 b5 19. axb5 axb5 20. Rbe1 b4 21. f5 bxc3 22. bxc3 Nxe5 23. dxe5 Qc5+ 24. Kh1 Ne4 25. Bxe4 dxe4 26. f6 Qxe5 27. Rxe4 Qg5 28. fxg7 Rfd8 29. Nf3 Qg6 30. Rg4 Rb1 31. Rxb1 Qxb1+ 32. Ng1 Qc1 33. Rd4 Qg5 34. Qd3 Qe7 35. Qg3 Bc6 36. Rh4 Qg5 37. Qxg5 1-0

[Event "Cordeiropolis Freitas Levy Memorial"]
[Site "Cordeiropolis"]
[Date "2015.05.23"]
[Round "3"]
[White "Ribeiro, Allysson"]
[Black "Brandao, Renan Alves"]
[Result "1/2-1/2"]
[WhiteElo "1861"]
[BlackElo "2113"]
[PlyCount "106"]
[EventDate "2015.05.22"]
[EventType "swiss"]
[EventRounds "6"]
[EventCountry "BRA"]
[SourceTitle "CBM 166 Extra"]
[Source "ChessBase"]
[SourceDate "2015.06.18"]
[SourceVersion "1"]
[SourceVersionDate "2015.06.18"]
[SourceQuality "1"]

1. d4 c5 2. d5 e5 3. e4 Nf6 4. Nc3 Bd6 5. Bd3 Bc7 6. Nge2 Ba5 7. 0-0 d6 8. f4 Bg4 9. fxe5 Bxc3 10. bxc3 dxe5 11. Bg5 Nbd7 12. Bb5 Qa5 13. Qd3 Bxe2 14. Qxe2 a6 15. Bxd7+ Nxd7 16. Qf3 f6 17. Bd2 0-0 18. Qg4 Rf7 19. Rf3 Qa4 20. Rg3 Nb6 21. Qe6 Nc4 22. Bh6 g6 23. Rf1 Re8 24. Qf5 Kh8 25. Rxg6 hxg6 26. Qxg6 Qd7 27. Bg5 Ref8 28. Bxf6+ Rxf6 29. Rxf6 Rxf6 30. Qxf6+ Qg7 31. Qf5 Nd6 32. Qe6 Nxe4 33. d6 Nf6 34. Qxe5 Kg8 35. Qxc5 Qg4 36. Qd4 Qxd4+ 37. cxd4 b5 38. Kf2 Kf7 39. Ke2 Ke6 40. Kd3 Kxd6 41. c4 b4 42. h3 a5 43. g4 a4 44. g5 Nh5 45. h4 Ke6 46. c5 Kd5 47. Kc2 Nf4 48. Kb2 Ke6 49. Kc2 Kd5 50. Kb2 Kc6 51. Kc2 Kb5 52. Kb2 Nd3+ 53. Kc2 Nf4 1/2-1/2

[Event "BRA-ch Amateur"]
[Site "Sao Paulo"]
[Date "2015.04.02"]
[Round "5"]
[White "Da Silva Junior, Sediney Mari"]
[Black "Brandao, Renan Alves"]
[Result "1-0"]
[WhiteElo "1970"]
[BlackElo "2113"]
[PlyCount "119"]
[EventDate "2015.04.30"]
[EventType "swiss"]
[EventRounds "7"]
[EventCountry "BRA"]
[SourceTitle "EXT 2022"]
[Source "ChessBase"]
[SourceDate "2021.10.06"]
[SourceVersion "1"]
[SourceVersionDate "2021.10.06"]
[SourceQuality "1"]

1. e4 c5 2. c3 Nf6 3. e5 Nd5 4. d4 cxd4 5. Nf3 g6 6. cxd4 Bg7 7. Bc4 Nb6 8. Bb3 0-0 9. 0-0 d6 10. Bf4 dxe5 11. Nxe5 N8d7 12. Qf3 Nf6 13. Nc3 e6 14. Rfd1 Nfd5 15. Bd2 Qd6 16. Ne4 Qe7 17. Rac1 f6 18. Nc4 Nxc4 19. Bxc4 Rd8 20. Bb3 b6 21. Qe2 Bb7 22. Nc3 Rd7 23. Ba4 Rc7 24. Bb3 Rd7 25. Re1 Kf7 26. Nxd5 Bxd5 27. Bxd5 Rxd5 28. Rc7 Rd7 29. Rc6 Re8 30. a3 Rxd4 31. Bb4 Qd7 32. Rec1 Kg8 33. Rc7 Qd5 34. Rxa7 Bh6 35. Rf1 Bd2 36. Bxd2 Rxd2 37. Qe3 Qd8 38. Qh6 Rd7 39. Rxd7 Qxd7 40. Qe3 b5 41. Re1 Kf7 42. Qh6 Kg8 43. Qe3 Kf7 44. g3 Rc8 45. Rc1 Rxc1+ 46. Qxc1 e5 47. Qc2 f5 48. b3 h5 49. a4 bxa4 50. bxa4 Qd4 51. Qc7+ Kf6 52. a5 Qd1+ 53. Kg2 e4 54. Qc3+ Ke6 55. a6 Qa4 56. Qc8+ Kf6 57. Qd8+ Kg7 58. Qc7+ Kf6 59. a7 Qb3 60. Qd8+ 1-0

[Event "Pocos de Caldas op"]
[Site "Pocos de Caldas"]
[Date "2015.03.15"]
[Round "5"]
[White "Supi, Luis Paulo"]
[Black "Brandao, Renan Alves"]
[Result "1-0"]
[WhiteElo "2415"]
[BlackElo "2098"]
[PlyCount "79"]
[EventDate "2015.03.13"]
[EventType "swiss"]
[EventRounds "6"]
[EventCountry "BRA"]
[SourceTitle "CBM 165 Extra"]
[Source "ChessBase"]
[SourceDate "2015.04.21"]
[SourceVersion "1"]
[SourceVersionDate "2015.04.21"]
[SourceQuality "1"]

1. d4 d5 2. c4 c6 3. Nc3 Nf6 4. Nf3 a6 5. g3 g6 6. Bg2 Bg7 7. 0-0 0-0 8. Re1 Ne4 9. Bf4 Nxc3 10. bxc3 dxc4 11. Qd2 Nd7 12. Bh6 Qa5 13. Bxg7 Kxg7 14. e4 e5 15. Bf1 b5 16. Nxe5 Nxe5 17. dxe5 Rd8 18. Qe3 Qc7 19. Qg5 Be6 20. h4 Rd7 21. Qf6+ Kg8 22. h5 Qd8 23. hxg6 hxg6 24. Qf4 Qe7 25. Be2 Kg7 26. Kg2 Rh8 27. Rh1 Rdd8 28. Qe3 Rxh1 29. Rxh1 Rh8 30. Rxh8 Kxh8 31. f4 Qd7 32. Kf2 Kg7 33. a3 a5 34. Qf3 Qd2 35. f5 gxf5 36. exf5 Bd5 37. Qg4+ Kh7 38. e6 fxe6 39. Qg6+ Kh8 40. f6 1-0